Sol's RNG All Items - Eon 1-1 - Statistics

General Stats
  • This quiz has been taken 67 times
    39 since last reset
  • The average score is 34 of 96
Answer Stats
Potions Effect % Correct
Lucky Potion +100% (+1) Luck Lasts 1 minute (60s)
100%
Speed Potion +25% Roll Speed Lasts 30 seconds.
100%
Fortune Potion I +150% (+1.5) Luck Lasts 5 minutes (300s)
71%
Haste Potion I +30% Roll Speed Lasts 3 minutes (180s)
68%
Fortune Potion II +200% (+2) Luck Lasts 7 minutes (420s)
64%
Fortune Potion III +250% (+2.5) Luck Lasts 10 minutes (600s)
64%
Haste Potion II +50% Roll Speed Lasts 5 minutes (300s)
64%
Haste Potion III +70% Roll Speed Lasts 8 minutes (480s)
64%
Heavenly Potion I +2,000,000% (+20,000) Luck for the next roll after consumed.
61%
Heavenly Potion II +20,000,000% (+200,000) Luck for the next roll after consumed.
61%
Oblivion Potion +50,000,000% (+500,000) Luck for the next roll after consumed. Its use is also the only method to obtain OBLIVION, with a 1 in 2,000 chance, and Memory, with a 1 in 100 chance.
61%
Lucky Potion L +100% (+1) Luck Lasts 5 minutes (300s)
57%
Lucky Potion XL +100% (+1) Luck Lasts 10 minutes (600s)
57%
Rune of Everything Allows you to roll ??? Auras with Native Rarity Regardless of Current Biome
57%
Rune of Nothing Allows you to roll ??? Auras with Native Rarity Regardless of Current Biome
57%
Rune of Dust Allows you to roll ??? Auras with Native Rarity Regardless of Current Biome
54%
Rune of Hell Allows you to roll ??? Auras with Native Rarity Regardless of Current Biome
54%
Speed Potion L +25% Roll Speed Lasts 5 minute (300s)
54%
Speed Potion XL +25% Roll Speed Lasts 10 minutes (600s)
54%
Pumpkin -Scattered around the map with a rarity of 50% per 30s. - May also be obtained from completely a full set of daily quests, rewarding 150.
50%
Rune of Galaxy Allows you to roll ??? Auras with Native Rarity Regardless of Current Biome
50%
Warp Potion +1000% Roll Speed for 2000 Rolls
50%
Luck Glove +25% (+0.25) luck while equipped.
46%
Rune of Corruption Allows you to roll ??? Auras with Native Rarity Regardless of Current Biome
46%
Rune of Frost Allows you to roll ??? Auras with Native Rarity Regardless of Current Biome
46%
Rune of Rainstorm Allows you to roll ??? Auras with Native Rarity Regardless of Current Biome
46%
Rune of Wind Allows you to roll ??? Auras with Native Rarity Regardless of Current Biome
46%
Solar Device +50% (+0.5) luck while equipped.
46%
Strange Potion I A random blessing/curse that lasts 10 minutes (600s) from {The List I}. {The List I} The Chosen: +150% (+1.5) Luck & +30% Roll Speed. The Power I: +150% Luck. The Knowledge I: +30% Roll Speed. The Wrath I: -50% Luck. The Sloth I: -15% Roll Speed.
46%
Strange Potion II A random blessing/curse that lasts 10 minutes (600s) from {The List II}.
{The List II}
GODLIKE: +250% (+2.5) Luck & +40% Roll Speed.
The Power II: +250 (+2.5) Luck.
The Knowledge II: +40% Roll Speed.
The Wrath II: -100% Luck.
The Sloth II: -25% Roll Speed.
46%
Lunar Device +15% roll speed while equipped.
43%
Pump King's Blood 70,000,000% (+700,000 Luck) for next roll
43%
Eclipse Device +50% (+0.5) luck and +15% roll speed while equipped.
39%
Exo Gauntlet +100% (+1) luck, +20% roll speed while equipped.
39%
Fortune Spoid I +150% (+1.5) Luck Lasts 1 minute (60s)
39%
Jackpot Gauntlet +77% (+0.77) luck, +7% roll speed and $77 cash upon rolling Jackpot while equipped.
39%
Mixed Potion +100% (+1) Luck &
+25% Roll Speed
Lasts 3 minutes (180s)
39%
Stella's Candle Can be bought from Jester for 50 Dark Points. It provides a permanent luck boost, similar to gloves, lasting until the server shuts down.Grants a +20% luck boost to any player nearby. Up to 3 candles can be placed, offering a total boost of +60%. Only 2 can be purchased at a time.
39%
Universe Potion I Starfall Exclusive Auras are obtainable in any biome for their normal chances. Lasts for 10 minutes (600s).
39%
Windstorm Device +115% (+1.15) luck, +25% roll speed while equipped.
39%
Biome Randomizer An item capable of changing the biome to a random biome regardless of the biome's rarity (Every biome, excluding Glitched (Which stays at it's normal rarity), will have a 1/7 chance of spawning), thus making it an extremely powerful luxury tool. This item has a cooldown of 20 minutes just like it's weaker counterpart and has a server-wide cooldown of 10 minutes.
36%
Coin Grants 50$
36%
Darkshader Bonus Roll Cooldown is decreased from 10 -> 5 Next 10 Rolls grant x2.5 Luck (every 20 Rolls)
36%
Fortune Spoid II +200% (+2) Luck Lasts 1 minute (60s)
36%
Fortune Spoid III +250% (+2.5) Luck Lasts 1 minute (60s)
36%
Gilded Coin Grants 100$
36%
Gravitational Device Replaces the normal 2x bonus with a 6x bonus roll luck when equipped.
36%
Huge Fortune Potion I +150% (+1.5) Luck Lasts 1 hour (3,600s)
36%
Merchant Teleporter Teleports you to a merchant once used, if one has already spawned.
36%
NULL? None
36%
Ragnaroker +455% Base Luck+45% Roll Speed +45% Luck when Windy,Rainy,Hell Biome
36%
Tide Gauntlet +50% (+0.50) luck while equipped and every 6th roll allows you to roll Rainy Auras with native rarity, regardless of the current biome.
36%
Exoflex Device +340% (+3.4) luck, 35% roll speed while equipped.
32%
Flesh Device Makes every roll worth 1.3x luck, including the Bonus Roll Luck.
32%
Gear A Used to craft the Bank.
32%
Gear B Used to craft the Bank.
32%
Hologrammer +395% Base Luck+35% Roll Speed 15% chance to Duplicate an item when grabbing it.
32%
Merchant Tracker Indicates where a merchant is, if one has already spawned.
32%
Random Rune Chest Gives you a random Rune upon usage
32%
Starshaper +700% Luck, +50% Roll Speed
32%
Strange Controller An item capable of changing the biome with respect to the biome's rarity, unlike it's stronger counterpart. Contrary to popular belief, this device and it's counterpart CAN spawn the Glitched Biome, which stays at its normal rarity of 1 in 30k. This item has a 20 minute cooldown and a server-wide cooldown of 10 minutes.
32%
Volcanic Device +290% (+2.9) luck, 35% roll speed while equipped.
32%
Gear Basing Crafting ingredient for devices & gauntlets
29%
Hwachae Grants +100% Luck and +25% Roll Speed for one hour, when used.
29%
Pump Punch +800% Base Luck | -50% Roll Speed
29%
Random Potion Sack Is an item that can be bought from the Jester for 10 Dark Points, and has a max stock of 10. When used, it randomly selects a type of potion, and grants it to the user.
29%
Stella's Star When given to Stella, she will open a portal that allows the player to fast travel directly to her cave instead of having to do the parkour. It also creates a portal at her cave so that the player can exit immediately.
29%
Transcendent Potion +1000% Roll Speed for 20000 Rolls
29%
Void Coin Used for purchasing items from the Jester.
29%
Wind Essence None
29%
Blessed Tide Gauntlet While equipped: The bonus roll allows you to roll Rainy Auras with native rarity, regardless of the current biome. Bonus Roll Counter is moved from 10 rolls -> 6 rolls. Bonus Roll Multiplier is upgraded from 2x -> 3x.
25%
Curruptaine None
25%
Galactic Device +250% (+2.5) luck, +30% roll speed while equipped.
25%
Icicle None
25%
Lucky Penny It applies a +77% Luck and +7% Roll Speed permanent bonus.
25%
Subzero Device +150% (+1.5) luck, +30% roll speed while equipped.
25%
Eternal Flame None
21%
Hourglass None
21%
Piece of Star None
21%
Rainy Bottle None
21%
Pump Token Exchanging items and auras with Jack The Pumpkin.
18%
Pump King's Head Has a 0.25% chance to spawn every 30 seconds
14%
Pump King's Soul Purchasable from Jack The Pumpkin for 500 Pumpkin Tokens.
14%
Rainbow Syrup Used in the Summer 2024 quest, "Lime's Hwachae Recipe".
14%
Archangel Device ???
4%
Word's Hat None
4%
Adele Doll ???
0%
Angel Glove ???, Found in the games files. Presumably used for Era 9.
0%
dwjk pillow ???
0%
Hollow Purple Instantly kills any player who touches ??? when item is activated.
0%
MandooMon Doll ???
0%
Mind Control Minion Consistently zaps players, damaging them. A picture of the minion can be seen when you get zapped and says "You Mind Controlled" at the bottom left of the image
0%
Shoney pillow ???
0%
Subspace Tripmine Boom!
0%
test item None
0%
XC' Signature ???
0%
No matching quizzes found
Score Distribution
Percent of People with Each Score
Percentile by Number Answered
Your Score History
You have not taken this quiz since the last reset